| 000 | 00954nam a2200301Ia 4500 | ||
|---|---|---|---|
| 001 | 5505 | ||
| 003 | IT-RoPAU | ||
| 008 | 130308s9999 xx 000 0 und d | ||
| 040 | _aIT-RoPAU | ||
| 040 | _cIT-RoPAU | ||
| 041 | _aITALIANO | ||
| 100 | _aPaul-David Madeleine | ||
| 100 | _gCodice Aut. SPICS: 2809 | ||
| 245 | _aCorea e il Giappone (La) | ||
| 245 | _bEnciclopedia dell'arte -L'Arte e L'Uomo-2-Dall'Arte paleocristiana al Rinascimento | ||
| 250 | _a2a ed. | ||
| 260 | _aTORINO | ||
| 260 | _bSAIE | ||
| 260 | _c1972 [1° Ed.: - Ed.Ling.Originale:] | ||
| 300 | _a"7 p. (prefazione: no ; testo: 7 [pagine: 216-222])" | ||
| 500 | _aCorea Provincia dell'arte Cinese Corea All'Epoca Ko Rye Nascita dell'arte giapponese Avvento del Bakufu e Il Nuovo Realismo Comparsa Dello Zen | ||
| 650 | _aENCICLOPEDIE DELLE ARTI VISIVE | ||
| 650 | _eCodice materia Spics: 5001 | ||
| 942 | _cBK | ||
| 957 | _71 | ||
| 999 |
_c46966 _d46966 |
||
| 999 | _bSI | ||
| 999 | _g1 | ||